Catálogo público

Marcha sistemática general Bunsen para la investigación de cationes en una muestra sólida. (Record no. 11684)

MARC details
000 -CABECERA
campo de control de longitud fija 01430nam a22003977a 4500
001 - NÚMERO DE CONTROL
campo de control 000012521
003 - IDENTIFICADOR DEL NÚMERO DE CONTROL
campo de control CHAP
005 - FECHA Y HORA DE LA ÚLTIMA TRANSACCIÓN
campo de control 20220329133837.0
008 - DATOS DE LONGITUD FIJA--INFORMACIÓN GENERAL
campo de control de longitud fija 971013s1985 r 00010 d
010 ## - NÚMERO DE CONTROL DE LA BIBLIOTECA DEL CONGRESO
Número de control de LC 11684
011 ## - ENLACE DEL NUMERO DE CONTROL DE LA BIBLIOTECA DEL CONGRESO [OBSOLETO]
Número de control de LC 12656
035 ## - NÚMERO DE CONTROL DEL SISTEMA
Número de control de sistema 15989
040 ## - FUENTE DE LA CATALOGACIÓN
Centro/agencia transcriptor CHAP
082 04 - NÚMERO DE LA CLASIFICACIÓN DECIMAL DEWEY
Número de clasificación 543
Número de documento/Ítem R4
100 ## - ENTRADA PRINCIPAL--NOMBRE DE PERSONA
Nombre de persona Rangel Olvera, Roberto.
9 (RLIN) 94615
245 10 - MENCIÓN DE TÍTULO
Título Marcha sistemática general Bunsen para la investigación de cationes en una muestra sólida.
260 ## - PUBLICACIÓN, DISTRIBUCIÓN, ETC.
Lugar de publicación, distribución, etc. Chapingo, Méx. :
Nombre del editor, distribuidor, etc. UACH. Departamento de Preparatoria Agrícola,
Fecha de publicación, distribución, etc. 1985.
300 ## - DESCRIPCIÓN FÍSICA
Extensión 101 p.
590 ## - NOTA LOCAL (RLIN)
Nota local BATCH-UPD
Procedencia (VM) [OBSOLETO] 10
Condición del los carretes individuales (VM) [OBSOLETO] 20130110
-- UCH01
-- 1814
590 ## - NOTA LOCAL (RLIN)
Nota local BATCH-UPD
Procedencia (VM) [OBSOLETO] 10
Condición del los carretes individuales (VM) [OBSOLETO] 20130410
-- UCH01
-- 1149
590 ## - NOTA LOCAL (RLIN)
Nota local BATCH-UPD
Procedencia (VM) [OBSOLETO] 10
Condición del los carretes individuales (VM) [OBSOLETO] 20130914
-- UCH01
-- 0900
590 ## - NOTA LOCAL (RLIN)
Nota local CONVERSION
Procedencia (VM) [OBSOLETO] 10
Condición del los carretes individuales (VM) [OBSOLETO] 20130109
-- UCH01
-- 1308
590 ## - NOTA LOCAL (RLIN)
Nota local E5995AHE
Procedencia (VM) [OBSOLETO] 05
Condición del los carretes individuales (VM) [OBSOLETO] 20150223
-- UCH01
-- 0923
650 14 - PUNTO DE ACCESO ADICIONAL DE MATERIA--TÉRMINO DE MATERIA
Término de materia o nombre geográfico como elemento de entrada Cationes.
9 (RLIN) 20520
650 14 - PUNTO DE ACCESO ADICIONAL DE MATERIA--TÉRMINO DE MATERIA
Término de materia o nombre geográfico como elemento de entrada Química analítica.
9 (RLIN) 93582
700 0# - PUNTO DE ACCESO ADICIONAL--NOMBRE DE PERSONA
Nombre de persona Bunsen, Robert Wilhelm.
9 (RLIN) 16080
700 0# - PUNTO DE ACCESO ADICIONAL--NOMBRE DE PERSONA
Nombre de persona Marcha, Bunsen.
9 (RLIN) 71262
901 ## - ELEMENTOS DE DATOS A LOCAL LDA (RLIN)
a BK
942 ## - ELEMENTOS DE PUNTO DE ACCESO ADICIONAL (KOHA)
Tipo de ítem Koha Libro
942 ## - ELEMENTOS DE PUNTO DE ACCESO ADICIONAL (KOHA)
Suprimir en OPAC 0
949 ## - PROCESAMIENTO DE INFORMACIÓN LOCAL (OCLC)
a 543 R4
b BC
c LIBRO
d 33724000390357
e LIBRO
f c.3
h 67390
i 15989
s i
949 ## - PROCESAMIENTO DE INFORMACIÓN LOCAL (OCLC)
a 543 R4
b BC
c LIBRO
d 33724000390365
e LIBRO
f c.4
h 67391
i 15989
s i
949 ## - PROCESAMIENTO DE INFORMACIÓN LOCAL (OCLC)
a 543 R4
b BC
c LIBRO
d 33724000756029
e LIBRO
f c.2
h 67389
i 15989
s b
949 ## - PROCESAMIENTO DE INFORMACIÓN LOCAL (OCLC)
a 543 R4
b BC
c LIBRO
d 33724000832994
e LIBRO
h 68388
i 15989
s b
949 ## - PROCESAMIENTO DE INFORMACIÓN LOCAL (OCLC)
a 543 R4
b BC
c UACH
d 33724000390373
e UACH
f c.5
h 70005
i 15989
s b
Holdings
Estado de retiro Estado de pérdida Fuente del sistema de clasificación o colocación Estado dañado Restricciones de uso No para préstamo Código de colección Localización permanente Ubicación/localización actual Ubicación en estantería Fecha de adquisición Información codificada de la localización en otra ubicación Total de préstamos Signatura topográfica completa Código de barras Fecha visto por última vez Número de copia Precio válido a partir de Tipo de ítem Koha
    Dewey Decimal Classification   Préstamo 15 días   General Biblioteca Central Biblioteca Central Planta alta - Colección General 31/12/2019 LIBRO   543 R4 33724000390357 31/12/2019 c.3 31/12/2019 Libro
    Dewey Decimal Classification   Préstamo 15 días   General Biblioteca Central Biblioteca Central Planta alta - Colección General 31/12/2019 LIBRO   543 R4 33724000390365 31/12/2019 c.4 31/12/2019 Libro
    Dewey Decimal Classification   Préstamo 15 días   General Biblioteca Central Biblioteca Central Planta alta - Colección General 31/12/2019 LIBRO   543 R4 33724000756029 31/12/2019 c.2 31/12/2019 Libro
    Dewey Decimal Classification   Préstamo 15 días   General Biblioteca Central Biblioteca Central Planta alta - Colección General 31/12/2019 LIBRO   543 R4 33724000832994 31/12/2019   31/12/2019 Libro
    Dewey Decimal Classification   Préstamo interno   Publicaciones UACh Biblioteca Central Biblioteca Central Planta alta - Área de Tesis - UACh 31/12/2019 LIBRO   543 R4 33724002582935 31/12/2019 c.5 31/12/2019 Libro